000 00648nam a22002537a 4500
003 UA-OsUOA
001 27411
007 ta
008 20040625b un ||||| |||| 00| 0 ukr d
100 _aЛорті С.
090 _a32
_bЛ78
942 _cBK
040 _aUA-OsUOA
_bukr
_cUA-OsUOA
_dUA-OsUOA
245 _aШеф. Моріс Дюплессі і провінція Квебек
300 _a233 с.
955 _a0
041 _aukr
080 _a32
020 _a966-96099-4-1
260 _aКиїв
_bГрупа міжнародного співробітництва
_c2004
044 _aUA
650 7 _2UDC
999 _c313755
_d313755